| 000 | 01183cam a22003617a 4500 | ||
|---|---|---|---|
| 003 | CHAP | ||
| 005 | 20220329133635.0 | ||
| 008 | 971013s1993 r 00010 d | ||
| 010 | _a8905 | ||
| 011 | _a9877 | ||
| 035 | _a9113 | ||
| 040 | _cCHAP | ||
| 082 |
_a631.0913 _bW45 |
||
| 100 | 0 | 0 |
_aWeischet, Wolfgang. _9121385 |
| 245 | 1 | 4 | _aThe persisting ecological constraints of tropical agriculture |
| 260 |
_aNew York : _bLongman, _c1993 |
||
| 300 |
_a319 p. _b: ilus. |
||
| 590 |
_aBATCH-UPD _b10 _c20130109 _lUCH01 _h2339 |
||
| 590 |
_aBATCH-UPD _b10 _c20130110 _lUCH01 _h1035 |
||
| 590 |
_aBATCH-UPD _b10 _c20130410 _lUCH01 _h0636 |
||
| 590 |
_aBATCH-UPD _b10 _c20130913 _lUCH01 _h2205 |
||
| 590 |
_aBATCH-UPD _b10 _c20130914 _lUCH01 _h1248 |
||
| 590 |
_aCONVERSION _b10 _c20130109 _lUCH01 _h1306 |
||
| 650 | 1 | 4 |
_aAgricultura _xTrópicos. _91888 |
| 650 | 1 | 4 |
_aAgroforestería. _92156 |
| 650 | 1 | 4 |
_aEcología agrícola. _935165 |
| 650 | 1 | 4 |
_aSuelos tropicales. _9110563 |
| 650 | 1 | 4 |
_aTrópicos _xAgricultura. _9115279 |
| 700 | 0 |
_aCaviedes, César N. _920624 |
|
| 901 | _aBK | ||
| 942 | _cLIBRO | ||
| 949 |
_a631.0913 W45 _bBC _cLIBRO _d33724000053492 _eLIBRO _gI.168105 _h84105 _i9113 _si _t293.00 |
||
| 999 |
_c8905 _d8905 |
||